000 00266nam a2200121 i 4500
001 bg
245 0 _aProektivovanie mechanizmov i priborov.
260 _aMoskva,
_c1969.
040 _cBPK
041 _apol
942 _cKS
008 s pl f |000 0 pol
999 _c8900
_d8900
856 _uhttp://koha.tu.koszalin.pl/cgi-bin/koha/opac-detail.pl?biblionumber=8900
_yKatalog online BPK